[Event "Internationaal Jeugdtoernooi Limburg 2"]
[Site "Stein"]
[Date "1996.07.13"]
[Round "6"]
[White "Van Haastert, Edwin"]
[Black "Middelburg, Tom"]
[Result "1-0"]
[WhiteElo "2280"]
[BlackElo "2024"]
[PlyCount "67"]
[EventDate "1996.07.11"]
[EventType "swiss"]
[EventRounds "7"]
[EventCountry "NED"]
[Source "P.Boonen"]
[SourceDate "2010.01.01"]

1. d4 Nf6 2. Nf3 g6 3. Bf4 Bg7 4. e3 O-O 5. h3 b6 6. Be2 Bb7 7. O-O c5 8. c3 d6
9. Nbd2 Nbd7 10. Bh2 Rc8 11. a4 a6 12. Qb1 d5 13. Rd1 cxd4 14. exd4 Ne8 15. Bd3
Nd6 16. Bxd6 exd6 17. Ne1 Rc7 18. a5 b5 19. Nc2 Nf6 20. Nb4 Bh6 21. Qa2 Bxd2
22. Rxd2 Nh5 23. Bf1 Qg5 24. Rdd1 Rc4 25. Qb1 f5 26. Qd3 f4 27. Qf3 Rc7 28. Re1
Nf6 29. Bd3 Ne4 30. Qg4 Qxg4 31. hxg4 Ng5 32. f3 h5 33. gxh5 gxh5 34. Kf2 1-0

[Event "Internationaal Jeugdtoernooi Limburg 2"]
[Site "Stein"]
[Date "1996.07.13"]
[Round "6"]
[White "Van Prooijen, Jan Willem"]
[Black "Schreiber, Christophe"]
[Result "0-1"]
[WhiteElo "2065"]
[BlackElo "1950"]
[PlyCount "98"]
[EventDate "1996.07.11"]
[EventType "swiss"]
[EventRounds "7"]
[EventCountry "NED"]
[Source "P.Boonen"]
[SourceDate "2010.01.01"]

1. e4 d6 2. d4 g6 3. Nc3 Bg7 4. f4 a6 5. Nf3 b5 6. a4 b4 7. Nb1 Bb7 8. Bd3 Nd7
9. Qe2 c5 10. d5 Ngf6 11. Nbd2 O-O 12. Nc4 Qc7 13. O-O Rae8 14. e5 dxe5 15.
fxe5 Nxd5 16. e6 fxe6 17. Qxe6+ Kh8 18. Ng5 Rxf1+ 19. Bxf1 Bd4+ 20. Kh1 Rf8 21.
Bd3 N7f6 22. Nf7+ Kg8 23. Nfd6+ Kg7 24. Nxb7 Qxb7 25. Bd2 Qd7 26. Qxd7 Nxd7 27.
Be4 N5f6 28. Bf3 e5 29. Re1 e4 30. Bd1 Re8 31. g3 h6 32. Kg2 Re6 33. Bc1 g5 34.
Bd2 g4 35. Bc1 h5 36. Bd2 Kg6 37. Bc1 Nh7 38. Be2 Ng5 39. Bxg5 Kxg5 40. Bd1 Nf6
41. Be2 h4 42. Bd1 h3+ 43. Kf1 Nh5 44. Ke2 Rf6 45. Rf1 Nxg3+ 46. hxg3 h2 47.
Rh1 Rf2+ 48. Ke1 Rg2 49. c3 Rg1+ 0-1

[Event "Internationaal Jeugdtoernooi Limburg 2"]
[Site "Stein"]
[Date "1996.07.13"]
[Round "6"]
[White "Vrancken, Gilbert"]
[Black "Roobol, Martin"]
[Result "0-1"]
[WhiteElo "1858"]
[BlackElo "2305"]
[PlyCount "62"]
[EventDate "1996.07.11"]
[EventType "swiss"]
[EventRounds "7"]
[EventCountry "NED"]
[Source "P.Boonen"]
[SourceDate "2010.01.01"]

1. d4 Nf6 2. Bg5 e6 3. Nf3 h6 4. Bxf6 Qxf6 5. e4 d6 6. Nc3 Qe7 7. Qd2 g6 8.
O-O-O Bg7 9. Kb1 O-O 10. h4 a6 11. h5 g5 12. Bd3 b5 13. e5 Nd7 14. Rhe1 Bb7 15.
Ne4 dxe5 16. dxe5 Rfd8 17. Qe2 c5 18. c3 c4 19. Bc2 Nxe5 20. Nxe5 Bxe5 21. Nxg5
Qxg5 22. Qxe5 Qxe5 23. Rxe5 Rxd1+ 24. Bxd1 Bxg2 25. Kc1 Bd5 26. Re1 Kg7 27.
Rg1+ Kf6 28. Kd2 Rd8 29. Ke3 a5 30. Bc2 Bc6 31. Rg4 Rd5 0-1

[Event "Internationaal Jeugdtoernooi Limburg 2"]
[Site "Stein"]
[Date "1996.07.14"]
[Round "7"]
[White "Abeln, Michiel"]
[Black "Van Haastert, Edwin"]
[Result "1/2-1/2"]
[WhiteElo "2120"]
[BlackElo "2280"]
[PlyCount "91"]
[EventDate "1996.07.11"]
[EventType "swiss"]
[EventRounds "7"]
[EventCountry "NED"]
[Source "P.Boonen"]
[SourceDate "2010.01.01"]

1. e4 c5 2. Nf3 d6 3. d4 cxd4 4. Nxd4 Nf6 5. Nc3 g6 6. Be2 Bg7 7. O-O O-O 8.
Bg5 Nc6 9. Nb3 Be6 10. f4 b5 11. Bf3 b4 12. Nd5 Bxd5 13. exd5 Na5 14. Nxa5 Qxa5
15. Kh1 Rfe8 16. Re1 Rac8 17. a3 Qc5 18. axb4 Qxc2 19. Qxc2 Rxc2 20. Rxa7 Rxb2
21. h3 h6 22. Bh4 Rxb4 23. Rexe7 Rxe7 24. Rxe7 Rxf4 25. Bxf6 Rxf6 26. Re4 Rf5
27. Re2 Be5 28. Kg1 Kf8 29. Kf1 h5 30. Ke1 Bg3+ 31. Kd2 Kg7 32. Kd3 Kf6 33. Be4
Rf4 34. Bf3 Ra4 35. Re4 Rxe4 36. Kxe4 Kg5 37. Be2 f5+ 38. Kf3 Kh4 39. Bd3 Be5
40. Bb1 Kg5 41. Bc2 Kf6 42. g4 fxg4+ 43. hxg4 h4 44. Kg2 Bg3 45. Ba4 Ke5 46.
Bc6 1/2-1/2

[Event "Internationaal Jeugdtoernooi Limburg 2"]
[Site "Stein"]
[Date "1996.07.14"]
[Round "7"]
[White "Buch, Thomas"]
[Black "Van Gils, Philip"]
[Result "1-0"]
[WhiteElo "2015"]
[BlackElo "1638"]
[PlyCount "85"]
[EventDate "1996.07.11"]
[EventType "swiss"]
[EventRounds "7"]
[EventCountry "NED"]
[Source "P.Boonen"]
[SourceDate "2010.01.01"]

1. e4 c5 2. d3 g6 3. g3 Bg7 4. Bg2 e6 5. Nc3 Nc6 6. Be3 d6 7. Qd2 Nge7 8. Bh6
O-O 9. h4 f5 10. h5 Qd7 11. Bxg7 Kxg7 12. hxg6 hxg6 13. Qh6+ Kf7 14. exf5 exf5
15. O-O-O Ne5 16. Re1 Rg8 17. Nd5 Qe6 18. Nxe7 Nxd3+ 19. cxd3 Qxe1+ 20. Kc2
Qxe7 21. Nh3 Ke8 22. Bd5 Rf8 23. Qxg6+ Kd8 24. Ng5 Qf6 25. Nf7+ Rxf7 26. Qxf7
Qxf7 27. Bxf7 Kc7 28. Rh8 Rb8 29. Kd2 a6 30. Ke3 b5 31. Bd5 a5 32. Rh7+ Kb6 33.
Rh6 Kc7 34. Kf4 a4 35. f3 b4 36. g4 fxg4 37. fxg4 b3 38. a3 Ba6 39. g5 Bxd3 40.
g6 Rf8+ 41. Ke3 Bc2 42. g7 Re8+ 43. Kd2 1-0

[Event "Internationaal Jeugdtoernooi Limburg 2"]
[Site "Stein"]
[Date "1996.07.14"]
[Round "7"]
[White "Chamaillard, Sylvain"]
[Black "Lemmers, Ruud"]
[Result "1-0"]
[WhiteElo "2100"]
[BlackElo "1915"]
[PlyCount "55"]
[EventDate "1996.07.11"]
[EventType "swiss"]
[EventRounds "7"]
[EventCountry "NED"]
[Source "P.Boonen"]
[SourceDate "2010.01.01"]

1. e4 c5 2. Nf3 d6 3. d4 cxd4 4. Nxd4 Nf6 5. Nc3 g6 6. Be3 Bg7 7. f3 O-O 8. Bc4
Nc6 9. Qd2 Bd7 10. O-O-O Rc8 11. Bb3 Ne5 12. h4 h5 13. Bg5 Rc5 14. g4 hxg4 15.
f4 Nc4 16. Qe2 Qc7 17. Bxf6 Bxf6 18. Nd5 Rxd5 19. exd5 Rc8 20. h5 Nxb2 21. hxg6
fxg6 22. Qh2 Bg7 23. Qh7+ Kf7 24. Rh6 Bf5 25. Nxf5 gxf5 26. Qg6+ Kg8 27. Rdh1
Nd3+ 28. Kb1 1-0

[Event "Internationaal Jeugdtoernooi Limburg 2"]
[Site "Stein"]
[Date "1996.07.14"]
[Round "7"]
[White "Dambacher, Martijn"]
[Black "Peek, Maurice"]
[Result "1-0"]
[WhiteElo "2196"]
[BlackElo "2189"]
[PlyCount "49"]
[EventDate "1996.07.11"]
[EventType "swiss"]
[EventRounds "7"]
[EventCountry "NED"]
[Source "P.Boonen"]
[SourceDate "2010.01.01"]

1. e4 d5 2. exd5 Nf6 3. c4 c6 4. d4 cxd5 5. Nc3 g6 6. Nf3 Bg7 7. Be2 O-O 8. O-O
Nc6 9. Re1 Be6 10. c5 Ne4 11. Bb5 Bf5 12. Bf4 Rc8 13. Rc1 Qa5 14. Ba4 Nb4 15.
Re3 b6 16. cxb6 axb6 17. a3 Nxc3 18. Rcxc3 Na2 19. Rxc8 Rxc8 20. Rxe7 Be4 21.
Bb3 Bf6 22. Rc7 Re8 23. Bd2 Qb5 24. Bxa2 Qxb2 25. Qb3 1-0

[Event "Internationaal Jeugdtoernooi Limburg 2"]
[Site "Stein"]
[Date "1996.07.14"]
[Round "7"]
[White "Heinen, Igor"]
[Black "Holtackers, Daan"]
[Result "1-0"]
[WhiteElo "1795"]
[BlackElo "1787"]
[PlyCount "49"]
[EventDate "1996.07.11"]
[EventType "swiss"]
[EventRounds "7"]
[EventCountry "NED"]
[Source "P.Boonen"]
[SourceDate "2010.01.01"]

1. d4 Nf6 2. c4 e6 3. Nf3 b6 4. Nc3 Bb7 5. Qc2 Be7 6. e4 O-O 7. e5 Ne8 8. Bd3
h6 9. Bf4 d5 10. cxd5 exd5 11. O-O c5 12. e6 Nf6 13. exf7+ Rxf7 14. Bf5 Bc8 15.
Ne5 Rf8 16. Bxc8 Qxc8 17. Rfe1 Bd6 18. Ng6 Qd7 19. Bxd6 Qxd6 20. Nxf8 Kxf8 21.
Qf5 Nc6 22. Re6 Nxd4 23. Qxf6+ gxf6 24. Rxd6 Ke7 25. Rxd5 1-0

[Event "Internationaal Jeugdtoernooi Limburg 2"]
[Site "Stein"]
[Date "1996.07.14"]
[Round "7"]
[White "Kerstens, Dennis"]
[Black "Kuipers, Eelco"]
[Result "0-1"]
[WhiteElo "2125"]
[BlackElo "2253"]
[PlyCount "64"]
[EventDate "1996.07.11"]
[EventType "swiss"]
[EventRounds "7"]
[EventCountry "NED"]
[Source "P.Boonen"]
[SourceDate "2010.01.01"]

1. e4 c5 2. Nf3 e6 3. d4 cxd4 4. Nxd4 a6 5. Nc3 Qc7 6. Be3 Bb4 7. Qd3 Nf6 8.
Bd2 Nc6 9. Nxc6 bxc6 10. a3 Be7 11. f4 d5 12. e5 Nd7 13. b4 c5 14. Rb1 Bb7 15.
Be2 O-O 16. O-O Rfc8 17. Kh1 cxb4 18. axb4 Nb6 19. Qh3 g6 20. Bd3 Nc4 21. Bc1
a5 22. b5 a4 23. Ne2 a3 24. f5 Qxe5 25. Bf4 Qf6 26. fxg6 hxg6 27. c3 a2 28. Ra1
e5 29. Be3 Qe6 30. Qxe6 fxe6 31. Bg1 Nd2 32. Bxg6 Nxf1 0-1

[Event "Internationaal Jeugdtoernooi Limburg 2"]
[Site "Stein"]
[Date "1996.07.14"]
[Round "7"]
[White "Kozlowski, Thierry"]
[Black "Van Prooijen, Jan Willem"]
[Result "1/2-1/2"]
[WhiteElo "2145"]
[BlackElo "2065"]
[PlyCount "89"]
[EventDate "1996.07.11"]
[EventType "swiss"]
[EventRounds "7"]
[EventCountry "NED"]
[Source "P.Boonen"]
[SourceDate "2010.01.01"]

1. Nf3 d5 2. b3 Nf6 3. Bb2 e6 4. e3 Bd6 5. c4 b6 6. cxd5 exd5 7. h3 O-O 8. Be2
Bb7 9. O-O Qe7 10. Nc3 c6 11. Qc2 Re8 12. Rad1 Nbd7 13. Rfe1 Rac8 14. d3 c5 15.
Nb5 Bb8 16. a4 a6 17. Na3 d4 18. e4 h6 19. Bf1 Kh7 20. g3 g5 21. Nh2 Rg8 22.
Bc1 h5 23. Bg2 Rg6 24. Re2 Rcg8 25. f4 gxf4 26. gxf4 Ne8 27. f5 R6g7 28. Qd2
Qd6 29. Nf3 Qf6 30. h4 Rg4 31. Ng5+ Kh8 32. Rf1 R8xg5 33. hxg5 Qe5 34. Rf3 Qh2+
35. Kf1 Bg3 36. Nc4 h4 37. g6 Nef6 38. Qh6+ Kg8 39. gxf7+ Kxf7 40. Bg5 h3 41.
Qg6+ Kf8 42. Qh6+ Kg8 43. Qg6+ Kf8 44. Qh6+ Kg8 45. Qg6+ 1/2-1/2

[Event "Internationaal Jeugdtoernooi Limburg 2"]
[Site "Stein"]
[Date "1996.07.14"]
[Round "7"]
[White "Middelburg, Tom"]
[Black "Schilperoort, Jeroen"]
[Result "1-0"]
[WhiteElo "2024"]
[BlackElo "1596"]
[PlyCount "89"]
[EventDate "1996.07.11"]
[EventType "swiss"]
[EventRounds "7"]
[EventCountry "NED"]
[Source "P.Boonen"]
[SourceDate "2010.01.01"]

1. e4 e5 2. Nf3 Nc6 3. Nc3 Nf6 4. Bb5 a6 5. Bxc6 dxc6 6. Nxe5 Nxe4 7. Nxe4 Qd5
8. O-O Be7 9. Re1 Qxe5 10. d4 Qf5 11. Bg5 f6 12. Qe2 O-O 13. Bh4 Re8 14. Bg3
Bd7 15. Bxc7 Bf8 16. Qd3 Qg6 17. Qb3+ Be6 18. Qg3 Bf5 19. Qxg6 Bxg6 20. f3 Bxe4
21. Rxe4 Rxe4 22. fxe4 Kf7 23. Kf2 Re8 24. Kf3 Re7 25. Bg3 Rd7 26. Rd1 Ke6 27.
c4 g6 28. Bf4 h5 29. h3 Be7 30. a3 Bd8 31. Rd2 Bb6 32. Be3 Bc7 33. Bf4 Bxf4 34.
Kxf4 g5+ 35. Ke3 h4 36. Rf2 Rf7 37. Rf5 b5 38. cxb5 axb5 39. Rc5 Kd6 40. Kf3
Re7 41. Rf5 Ke6 42. Rc5 Kd6 43. Rc1 Rc7 44. Kg4 Ke6 45. Rxc6+ 1-0

[Event "Internationaal Jeugdtoernooi Limburg 2"]
[Site "Stein"]
[Date "1996.07.14"]
[Round "7"]
[White "Roobol, Martin"]
[Black "Aubel, Jochem"]
[Result "1/2-1/2"]
[WhiteElo "2305"]
[BlackElo "2173"]
[PlyCount "42"]
[EventDate "1996.07.11"]
[EventType "swiss"]
[EventRounds "7"]
[EventCountry "NED"]
[Source "P.Boonen"]
[SourceDate "2010.01.01"]

1. d4 Nf6 2. c4 g6 3. Nc3 d5 4. cxd5 Nxd5 5. e4 Nxc3 6. bxc3 Bg7 7. Nf3 c5 8.
Rb1 O-O 9. Be2 cxd4 10. cxd4 Qa5+ 11. Bd2 Qxa2 12. O-O Bg4 13. Bg5 h6 14. Be3
Nc6 15. e5 Rad8 16. Ra1 Qe6 17. Ng5 hxg5 18. Bxg4 Qd5 19. Bf3 Qd7 20. Bxc6 Qxc6
21. Rxa7 Bxe5 1/2-1/2

[Event "Internationaal Jeugdtoernooi Limburg 2"]
[Site "Stein"]
[Date "1996.07.14"]
[Round "7"]
[White "Schreiber, Christophe"]
[Black "Vrancken, Gilbert"]
[Result "1/2-1/2"]
[WhiteElo "1950"]
[BlackElo "1858"]
[PlyCount "49"]
[EventDate "1996.07.11"]
[EventType "swiss"]
[EventRounds "7"]
[EventCountry "NED"]
[Source "P.Boonen"]
[SourceDate "2010.01.01"]

1. c4 Nf6 2. Nc3 d6 3. g3 g6 4. Bg2 Bg7 5. e4 c6 6. Nge2 a5 7. O-O O-O 8. Rb1
e5 9. a3 Be6 10. d3 d5 11. b3 d4 12. Na4 Nfd7 13. b4 b5 14. cxb5 cxb5 15. Nc5
Nxc5 16. bxc5 Qd7 17. f4 a4 18. fxe5 Bxe5 19. Bf4 Bb3 20. Qd2 Nc6 21. Rbc1 Rfe8
22. Kh1 Bg7 23. Ng1 Ne5 24. Bh3 Be6 25. Bxe6 1/2-1/2

[Event "Internationaal Jeugdtoernooi Limburg 2"]
[Site "Stein"]
[Date "1996.07.14"]
[Round "7"]
[White "Solakian, Jerome"]
[Black "Kipper, Jens"]
[Result "1/2-1/2"]
[WhiteElo "2215"]
[BlackElo "2145"]
[PlyCount "32"]
[EventDate "1996.07.11"]
[EventType "swiss"]
[EventRounds "7"]
[EventCountry "NED"]
[Source "P.Boonen"]
[SourceDate "2010.01.01"]

1. Nc3 d5 2. e4 e6 3. d4 Bb4 4. e5 c5 5. Bd2 Ne7 6. Nb5 Bxd2+ 7. Qxd2 O-O 8.
dxc5 Nd7 9. f4 Nxc5 10. Nd6 f6 11. Nf3 fxe5 12. fxe5 Nc6 13. Qe3 Qa5+ 14. Qd2
Qd8 15. Qe3 Qa5+ 16. Qd2 Qd8 1/2-1/2

[Event "Internationaal Jeugdtoernooi Limburg 2"]
[Site "Stein"]
[Date "1996.07.14"]
[Round "7"]
[White "Utama, Ivan"]
[Black "Mellegers, Joost"]
[Result "1/2-1/2"]
[WhiteElo "1934"]
[BlackElo "2088"]
[PlyCount "38"]
[EventDate "1996.07.11"]
[EventType "swiss"]
[EventRounds "7"]
[EventCountry "NED"]
[Source "P.Boonen"]
[SourceDate "2010.01.01"]

1. d4 d5 2. c4 e6 3. Nc3 c6 4. cxd5 exd5 5. Nf3 Bd6 6. Bg5 Ne7 7. e3 Qb6 8. Qd2
Bf5 9. Na4 Qc7 10. Rc1 Ng6 11. Nh4 Nxh4 12. Bxh4 Nd7 13. Bg3 Nf6 14. Nc3 Bxg3
15. hxg3 O-O 16. Bd3 Qd7 17. Qc2 Bxd3 18. Qxd3 Rfe8 19. Kd2 h6 1/2-1/2

[Event "Internationaal Jeugdtoernooi Limburg 2"]
[Site "Stein"]
[Date "1996.07.14"]
[Round "7"]
[White "Van Elmpt, Wouter"]
[Black "Balcerak, Magdalena"]
[Result "1/2-1/2"]
[WhiteElo "1527"]
[BlackElo "1680"]
[PlyCount "47"]
[EventDate "1996.07.11"]
[EventType "swiss"]
[EventRounds "7"]
[EventCountry "NED"]
[Source "P.Boonen"]
[SourceDate "2010.01.01"]

1. e4 c5 2. Nf3 d6 3. b3 e6 4. Bb2 Nf6 5. Nc3 Nc6 6. d4 cxd4 7. Nxd4 a6 8. Nf3
Be7 9. Bd3 b5 10. O-O Bb7 11. Rc1 Rc8 12. Re1 O-O 13. Ne2 Nb4 14. a3 Nxd3 15.
cxd3 Qd7 16. Qd2 Rfd8 17. b4 Qe8 18. Bc3 Nd7 19. Qb2 Bf6 20. Bxf6 Nxf6 21. Nc3
Qd7 22. Rc2 Rc7 23. Rec1 Rdc8 24. h3 1/2-1/2

[Event "Internationaal Jeugdtoernooi Limburg 2"]
[Site "Stein"]
[Date "1996.07.14"]
[Round "7"]
[White "Van Gemen, Felix"]
[Black "Backhuis, Roel"]
[Result "1/2-1/2"]
[WhiteElo "1658"]
[BlackElo "1444"]
[PlyCount "31"]
[EventDate "1996.07.11"]
[EventType "swiss"]
[EventRounds "7"]
[EventCountry "NED"]
[Source "P.Boonen"]
[SourceDate "2010.01.01"]

1. e4 e5 2. Nc3 Nf6 3. f4 exf4 4. e5 Ng8 5. Nf3 d6 6. Bc4 Bg4 7. O-O Nc6 8. d4
dxe5 9. d5 Nd4 10. Re1 Bc5 11. Rxe5+ Ne7 12. Kh1 O-O 13. Bxf4 Ng6 14. Re4 Nxf4
15. Rxf4 Nxf3 16. Rxg4 1/2-1/2

[Event "Internationaal Jeugdtoernooi Limburg 2"]
[Site "Stein"]
[Date "1996.07.14"]
[Round "7"]
[White "Van Wissen, Michiel"]
[Black "Balcerak, Jakob"]
[Result "1/2-1/2"]
[WhiteElo "2138"]
[BlackElo "2175"]
[PlyCount "55"]
[EventDate "1996.07.11"]
[EventType "swiss"]
[EventRounds "7"]
[EventCountry "NED"]
[Source "P.Boonen"]
[SourceDate "2010.01.01"]

1. d4 Nf6 2. c4 g6 3. Nc3 Bg7 4. e4 d6 5. f4 c5 6. d5 O-O 7. Nf3 e6 8. Be2 exd5
9. cxd5 Re8 10. e5 dxe5 11. fxe5 Ng4 12. Bf4 Nxe5 13. O-O Qb6 14. Qd2 Bf5 15.
Nxe5 Bxe5 16. Bxe5 Rxe5 17. g4 c4+ 18. Rf2 Bd3 19. Qf4 Nd7 20. Bxd3 cxd3 21.
Qxf7+ Kh8 22. Qxd7 Rf8 23. Raf1 Re1 24. Kg2 Rxf1 25. Rxf1 Qxb2+ 26. Kg1 Rxf1+
27. Kxf1 Qxc3 28. Qe8+ 1/2-1/2

[Event "Internationaal Jeugdtoernooi Limburg 2"]
[Site "Stein"]
[Date "1996.07.14"]
[Round "7"]
[White "Van der Erf, Remco"]
[Black "Conaert, Ronny"]
[Result "1-0"]
[WhiteElo "2149"]
[BlackElo "1810"]
[PlyCount "83"]
[EventDate "1996.07.11"]
[EventType "swiss"]
[EventRounds "7"]
[EventCountry "NED"]
[Source "P.Boonen"]
[SourceDate "2010.01.01"]

1. d4 d5 2. Nf3 Bg4 3. Ne5 Bh5 4. Qd3 Nd7 5. Qb5 Qc8 6. Qxd5 Ngf6 7. Qb3 e6 8.
Bf4 Be7 9. g3 O-O 10. Bg2 c6 11. e4 Rd8 12. c3 Nxe5 13. Bxe5 Bg6 14. Nd2 Nd7
15. Bf4 c5 16. O-O e5 17. dxe5 Nxe5 18. Nc4 Nxc4 19. Qxc4 Qd7 20. Qb3 Qc6 21.
a4 Rd7 22. Rfe1 c4 23. Qb5 Qe6 24. a5 Rad8 25. a6 b6 26. Bf1 Rc8 27. Ra4 Rc5
28. Qb4 b5 29. Raa1 Rh5 30. Qa5 Bc5 31. Bg2 Bb6 32. Qa2 Qf6 33. Qb1 Rd3 34. Qc2
Qd8 35. Rad1 Rxd1 36. Rxd1 Qe7 37. Qd2 h6 38. Qd6 Qxd6 39. Rxd6 Rc5 40. Rxb6
axb6 41. a7 Rc8 42. Bb8 1-0